Quiz wiedzy ogólnej #21 - Statystyki

Ogólne statystyki
  • Ten quiz został rozwiązany 553 razy
    308 od ostatniego zresetowania
  • Średni wynik to 13 z 20
Statystyki odpowiedzi
Pytanie Odpowiedź % Poprawnych
Który kraj słynie z wiatraków i drewnianych butów? Holandia
97%
Kto jest prowadzącą programu ,,Kuchenne rewolucje"? Magda Gessler
97%
Kto napisał ,,Pana Tadeusza"? Adam Mickiewicz
91%
Co to jest camembert i limburger? Ser
90%
Zgodnie z powiedzeniem, dokąd prowadzą wszystkie drogi? Rzym
87%
Z jakiego państwa pochodzi czekolada Toblerone? Szwajcaria
84%
Jakie pasmo górskie oddziela Hiszpanię od Francji? Pireneje
80%
Jakie polskie województwo nigdynie miało klubu w Ekstraklasie ? Lubuskie
79%
W jakim mieście jesteś, jeśli wylądujesz na LAX? Los Angeles
71%
Kto jako pierwszy Europejczyk dotarł drogą morską do Indii? Vasco da Gama
65%
Jaki jest największy rodzaj owocu lub warzywa? Dynia
58%
W jakim województwie leży Zamość? Lubelskim
54%
Jaki miecz podarowała królowi Arturowi Pani Jeziora? Excalibur
48%
Kto mieszkał pod adresem 221B Baker Street? Sherlock Holmes
48%
Jaka grupa ludzi miała swoją stolicę w Tenochtitlan? Aztekowie
47%
Kto jest autorem piosenki "Englishman in New York"? Sting
45%
Jak jest lepiej znany Siddhartha Gautama? Budda
38%
Jaka jest stolica Tybetu? Lhasa
35%
Jaka jest konkretna kara za cudzołóstwo w prawie szariatu? Ukamienowanie
35%
Kto wyrzeźbił „Mieszkańców Calais”? Auguste Rodin
15%
Nie znaleziono quizów pasujących do podanych kryteriów
Rozkład punktacji
Procent ludzi z każdym wynikiem
Percentyl według liczby udzielonych odpowiedzi
Twoja historia wyników
Nie rozwiązałeś tego quizu od ostatniego zresetowania